000
00247nam a2200097Ia 4500
001
1076296
005
20250827002254.0
008
250824s9999 xx 000 0 und d
245
0
_a
UFUKLARDAKİ AYETLER
_c
MICHAEL SUGICH
260
_b
KETEBE YAYINLARI
999
_c
1076296
_d
1076296